| 000 | 00452 a2200133 4500 | ||
|---|---|---|---|
| 001 | 87784 | ||
| 082 | _aPR 161 | ||
| 090 |
_c41244 _d41244 |
||
| 100 | _aSalman Arif, Plt Off 15483; S M Musa Raza, PIA Off 4149 70 EC | ||
| 245 | _aDesign and fabrication of platform using programmed hydraulic actuators to simulate structural vibrations | ||
| 260 |
_aRisalpur _bNUST Risalpur _c2011 |
||
| 300 |
_a84p. _eBabar Saeed, Wg Cdr |
||
| 500 | _aBE Project Reports | ||
| 942 |
_aCAE NUST _kPR 161 |
||
| 999 |
_c322857 _d322857 |
||